• 首页
  • 本馆介绍
  • 公告通知
  • 最新文献
  • 馆藏检索
  • 电子资源
  • 读者导购
  • 参考咨询
  • 我的图书馆
  • 登录
  • 详细信息显示
  • 放入我的书架
  • 预约/预借图书
  • 作者相关作品
  • 分类相关作品
  • 丛书相关作品
  • 出版社相关作品

书目信息

  • 表格格式
  • 工作单格式
  • 卡片格式
题名:
“和为贵”的政治伦理追求
    
 
作者: 皮伟兵 著
分册:  
出版信息: 上海   三联书店  2007
页数: 221页
开本: 23cm
丛书名:
单 册:
中图分类: B82-051 , B222.05
科图分类:
主题词: 儒家 , 政治伦理学 , 儒家--政治伦理学--研究--中国--先秦时代 , 先秦哲学
电子资源:
ISBN: 978-7-5426-2555-7
000 01046nam0 2200289 450
001 1161363539
005 20110929170438.35
010    @a978-7-5426-2555-7@dCNY26.00
100    @a20070712d2007 em y0chiy50 ea
101 0  @achi
102    @aCN@b310000
105    @ay z 000yy
106    @ar
200 1  @a“和为贵”的政治伦理追求@e“和”视域中的先秦儒家政治伦理思想研究@f皮伟兵著@A“ he wei gui ” de zheng zhi lun li zhui qiu
210    @a上海@c三联书店@d2007
215    @a221页@d23cm
330    @a本书结合时代发展的要求,从批判继承优秀传统文化的视角,对先秦儒家“和”政治伦理思想进行了比较全面的思考。
517 1  @a“和”视域中的先秦儒家政治伦理思想研究@A“he”shi yu zhong de xian qin ru jia zheng zhi lun li si xiang yan jiu
606 0  @a儒家
606 0  @a政治伦理学
606 0  @a儒家@x政治伦理学@x研究@y中国@z先秦时代
606 0  @a先秦哲学
690    @aB82-051@v4
690    @aB222.05@v4
701  0 @a皮伟兵@f(1962~)@4著@Api wei bing
801  0 @aCN@b110019@c20070710
905    @a10447@dB222.05@eJY164
    
    “和为贵”的政治伦理追求:“和”视域中的先秦儒家政治伦理思想研究/皮伟兵著.-上海:三联书店,2007
    221页;23cm
    
    
    ISBN 978-7-5426-2555-7:CNY26.00
    本书结合时代发展的要求,从批判继承优秀传统文化的视角,对先秦儒家“和”政治伦理思想进行了比较全面的思考。
●
相关链接 在E读中查询图书 在五车中查询图书 在当当中查询图书 在豆瓣中查询图书


正题名:"和为贵"的政治伦理追求     索取号:B222.05/JY164         预约/预借

序号 登录号 条形码 馆藏地/架位号 状态 备注
1 7824696   278246961   学院路分馆/ [索取号:B222.05/JY164] 在馆    
2 7824697   278246970   学院路分馆/ [索取号:B222.05/JY164] 在馆    
唐山师范学院图书馆 欢迎您!
大连网信软件有限公司© 版权所有